[Event "NOR-ch Class3"]
[Site "Oslo"]
[Date "2015.07.09"]
[Round "7"]
[White "Dybvik, Bjoern Noralf"]
[Black "Fuglesang, Michael W"]
[Result "1-0"]
[WhiteElo "1277"]
[BlackElo "1349"]
[PlyCount "33"]
[EventDate "2015.07.04"]
[EventType "swiss"]
[EventRounds "9"]
[EventCountry "NOR"]
[SourceTitle "EXT 2017"]
[Source "ChessBase"]
[SourceDate "2016.10.25"]
[SourceVersion "1"]
[SourceVersionDate "2016.10.25"]
[SourceQuality "1"]

1. e4 c5 2. Nf3 Nc6 3. Nc3 e5 4. Be2 Nf6 5. d3 d6 6. Bg5 Be7 7. 0-0 Be6 8. Nd2 Nd4 9. f4 exf4 10. Bxf4 Nd7 11. Nf3 Nxe2+ 12. Qxe2 Qb6 13. Rab1 Bf6 14. Nd5 Qc6 15. b4 g6 16. bxc5 dxc5 17. Nc7+ 1-0

[Event "Fagernes Norsk op-B"]
[Site "Fagernes"]
[Date "2015.03.29"]
[Round "8"]
[White "Dybvik, Bjoern Noralf"]
[Black "Mansoor, Safeer Uddin"]
[Result "1-0"]
[WhiteElo "1650"]
[BlackElo "1300"]
[PlyCount "55"]
[EventDate "2015.03.29"]
[EventType "swiss"]
[EventRounds "9"]
[EventCountry "NOR"]
[SourceTitle "EXT 2016"]
[Source "ChessBase"]
[SourceDate "2015.10.08"]
[SourceVersion "1"]
[SourceVersionDate "2015.10.08"]
[SourceQuality "1"]

1. c4 c5 2. Nc3 Nc6 3. Nf3 Nf6 4. e3 d6 5. d4 cxd4 6. exd4 Bf5 7. Bd3 Bxd3 8. Qxd3 g6 9. d5 Nb4 10. Qe2 Bg7 11. a3 Na6 12. 0-0 0-0 13. Bg5 Rc8 14. Rac1 Re8 15. b4 b6 16. Nb5 Qd7 17. Rfd1 Qb7 18. Nfd4 Nb8 19. Nc3 a6 20. a4 Rc7 21. b5 Nfd7 22. Nc6 Nc5 23. Ne4 Nxa4 24. Nxd6 Qa8 25. Nxe8 Nxc6 26. Nxc7 Qc8 27. dxc6 Qxc7 28. Rd7 1-0

[Event "Fagernes Norsk op-B"]
[Site "Fagernes"]
[Date "2015.03.29"]
[Round "4"]
[White "Dybvik, Bjoern Noralf"]
[Black "Thorvaldsen, Idun"]
[Result "1/2-1/2"]
[WhiteElo "1650"]
[BlackElo "984"]
[PlyCount "90"]
[EventDate "2015.03.29"]
[EventType "swiss"]
[EventRounds "9"]
[EventCountry "NOR"]
[SourceTitle "EXT 2016"]
[Source "ChessBase"]
[SourceDate "2015.10.08"]
[SourceVersion "1"]
[SourceVersionDate "2015.10.08"]
[SourceQuality "1"]

1. c4 Nf6 2. Nc3 e6 3. d4 d5 4. e3 b6 5. Nf3 Bb7 6. Bd3 Nbd7 7. 0-0 dxc4 8. Bxc4 a6 9. a3 Bd6 10. Re1 0-0 11. e4 Be7 12. Bg5 h6 13. Bh4 Re8 14. Qc2 Rc8 15. Rad1 c5 16. dxc5 Rxc5 17. Bd3 Qc7 18. Qe2 Ne5 19. Nxe5 Qxe5 20. Bg3 Qg5 21. f4 Qh5 22. Bxa6 Qxe2 23. Bxe2 Nxe4 24. Bb5 Nxc3 25. Bxe8 Nxd1 26. Rxd1 Rd5 27. Rxd5 exd5 28. Bf2 Bc5 29. b4 Bxf2+ 30. Kxf2 Kf8 31. Bb5 Ke7 32. g3 Ke6 33. Ke3 Kf5 34. Bd7+ Kg6 35. Kd4 Kh5 36. Be8 Kg6 37. a4 Kf6 38. a5 bxa5 39. bxa5 Ke6 40. Bb5 Kd6 41. h4 g6 42. Be2 h5 43. g4 hxg4 44. Bxg4 f5 45. Be2 Kc6 1/2-1/2

[Event "Fagernes Norsk op-B"]
[Site "Fagernes"]
[Date "2014.04.13"]
[Round "1"]
[White "Dybvik, Bjoern Noralf"]
[Black "Rygg, Snorre"]
[Result "0-1"]
[WhiteElo "1284"]
[BlackElo "1821"]
[PlyCount "142"]
[EventDate "2014.04.13"]
[EventType "swiss"]
[EventRounds "9"]
[EventCountry "NOR"]
[SourceTitle "EXT 2016"]
[Source "ChessBase"]
[SourceDate "2015.10.08"]
[SourceVersion "1"]
[SourceVersionDate "2015.10.08"]
[SourceQuality "1"]

1. c4 f5 2. Nc3 Nf6 3. g3 e6 4. Bg2 c6 5. Nf3 d5 6. cxd5 exd5 7. d4 Bd6 8. Bg5 0-0 9. 0-0 h6 10. Bxf6 Qxf6 11. Qb3 Kh8 12. Rac1 Nd7 13. e3 g5 14. a4 Qg7 15. Ne2 Nf6 16. Nd2 Ne4 17. Nxe4 fxe4 18. f3 exf3 19. Bxf3 Bh3 20. Bg2 Bg4 21. Nc3 Rae8 22. Rxf8+ Rxf8 23. Rf1 Re8 24. Nd1 Be2 25. Re1 Bh5 26. Qc3 Qe7 27. Qd3 Qh7 28. Qxh7+ Kxh7 29. Nc3 Kg7 30. e4 dxe4 31. Rxe4 Bc7 32. Kf2 Bb6 33. Rxe8 Bxe8 34. Ke3 Bf7 35. Bf3 h5 36. Ne4 g4 37. Bd1 Bc7 38. Bc2 Bd5 39. b4 a5 40. bxa5 Bxa5 41. Ke2 Bc7 42. Kf2 b5 43. axb5 cxb5 44. Nc5 Bd6 45. Ne4 Bb4 46. Bd3 Ba5 47. Bc2 Bc7 48. Bd3 b4 49. Nc5 b3 50. Na4 Kf6 51. Nc5 Bf7 52. Ne4+ Ke7 53. Nc5 Bd6 54. Na4 Bb4 55. Ke3 Kd6 56. Kf4 Bd2+ 57. Kf5 Kd5 58. Kf6 Be8 59. Nb2 Kxd4 60. Bg6 Bd7 61. Bxh5 Be3 62. Bf7 Bg1 63. Kg5 Kc3 64. Nd1+ Kc2 65. Kf4 Kxd1 66. Bxb3+ Ke2 67. Bf7 Be3+ 68. Ke4 Kf2 69. Bh5 Bc1 70. Ke5 Kg2 71. Ke4 Kxh2 0-1

[Event "NOR-ch Class3"]
[Site "Lillehammer"]
[Date "2013.06.29"]
[Round "4"]
[White "Berezkin, Alexander"]
[Black "Dybvik, Bjoern Noralf"]
[Result "1/2-1/2"]
[WhiteElo "1345"]
[BlackElo "1252"]
[PlyCount "58"]
[EventDate "2013.06.29"]
[EventType "swiss"]
[EventRounds "9"]
[EventCountry "NOR"]
[SourceTitle "EXT 2017"]
[Source "ChessBase"]
[SourceDate "2016.10.25"]
[SourceVersion "1"]
[SourceVersionDate "2016.10.25"]
[SourceQuality "1"]

1. e4 c6 2. Nf3 d5 3. exd5 cxd5 4. d4 Nf6 5. Be2 e6 6. 0-0 Nc6 7. c3 h6 8. Bf4 Bd6 9. Bxd6 Qxd6 10. Bb5 0-0 11. Nbd2 a6 12. Bd3 Re8 13. Re1 e5 14. dxe5 Nxe5 15. Nxe5 Rxe5 16. Rxe5 Qxe5 17. Nf3 Qf4 18. Qd2 Qc7 19. Re1 Bd7 20. h3 Bc6 21. Qc2 Ne4 22. c4 Nf6 23. cxd5 Nxd5 24. a3 Rc8 25. Be4 Nf6 26. Bxc6 Qxc6 27. Qxc6 Rxc6 28. Re7 Rc1+ 29. Kh2 b5 1/2-1/2

[Event "NOR-ch Class3"]
[Site "Lillehammer"]
[Date "2013.06.29"]
[Round "1"]
[White "Dybvik, Bjoern Noralf"]
[Black "Lindsjorn, Yngve"]
[Result "1/2-1/2"]
[WhiteElo "1252"]
[BlackElo "1376"]
[PlyCount "74"]
[EventDate "2013.06.29"]
[EventType "swiss"]
[EventRounds "9"]
[EventCountry "NOR"]
[SourceTitle "EXT 2017"]
[Source "ChessBase"]
[SourceDate "2016.10.25"]
[SourceVersion "1"]
[SourceVersionDate "2016.10.25"]
[SourceQuality "1"]

1. e4 Nc6 2. Nf3 d5 3. exd5 Qxd5 4. Nc3 Qa5 5. Bb5 a6 6. Bxc6+ bxc6 7. h3 e5 8. Qe2 Bd6 9. 0-0 Ne7 10. Re1 f6 11. d4 exd4 12. Nxd4 Qe5 13. Nf3 Qxe2 14. Rxe2 0-0 15. Be3 Nd5 16. Nxd5 cxd5 17. Rae1 Bd7 18. Rd2 Rab8 19. c3 Bc6 20. Nd4 Ba8 21. Nf5 Rfe8 22. Nxd6 cxd6 23. Rde2 Kf7 24. Bd4 Bc6 25. b4 Bb5 26. Rxe8 Rxe8 27. Rxe8 Kxe8 28. f4 Kf7 29. Kf2 g6 30. Ke3 Bf1 31. Kf2 Bd3 32. h4 h5 33. g3 f5 34. Ke3 Bc4 35. a3 Ke6 36. Ba7 Kd7 37. Bb8 Kc6 1/2-1/2

[Event "NOR-chB"]
[Site "Moss"]
[Date "2006.07.14"]
[Round "8"]
[White "Dybvik, Bjoern Noralf"]
[Black "Olsen, Trygve"]
[Result "1-0"]
[WhiteElo "1157"]
[BlackElo "1171"]
[PlyCount "155"]
[EventDate "2006.07.08"]
[EventType "swiss"]
[EventRounds "9"]
[EventCountry "NOR"]
[SourceTitle "EXT 2007"]
[Source "ChessBase"]
[SourceDate "2006.11.23"]
[SourceVersion "1"]
[SourceVersionDate "2006.11.23"]
[SourceQuality "1"]

1. d4 d5 2. c4 e6 3. Nc3 Nf6 4. e3 a5 5. Nf3 Nbd7 6. Bd2 c6 7. Rc1 Ne4 8. cxd5 Nxc3 9. Bxc3 exd5 10. Bd3 Nf6 11. Qc2 Bd6 12. Ne5 Ng4 13. Nxg4 Bxg4 14. Bxh7 Qd7 15. Bd3 Kf8 16. h3 Bc7 17. Kd2 Be6 18. f4 g6 19. g4 f5 20. gxf5 gxf5 21. Rcg1 Qh7 22. Rg3 Rg8 23. Rhg1 Rxg3 24. Rxg3 b5 25. b3 Kf7 26. Bb2 Ra7 27. Qxc6 Kf6 28. Bxb5 Qh6 29. Rf3 Bb8 30. Qc1 Rg7 31. Qf1 Rg6 32. Bc3 Qf8 33. Be2 Qa3 34. Qb1 Rg2 35. Qb2 Qd6 36. Ke1 Bc7 37. Rf2 Rg1+ 38. Rf1 Rg6 39. Kd2 Rg2 40. a3 Bd7 41. Kd1 Bb5 42. Re1 Qe7 43. Qc1 Bc6 44. Bxa5 Qd6 45. Bxc7 Qxc7 46. Bb5 Qa5 47. Qxc6+ Kg7 48. Qd7+ Kh8 49. Qe8+ Kh7 50. Qe7+ Kh8 51. Qb4 Qc7 52. Be2 Qc8 53. a4 Qe6 54. Qc3 Rg8 55. a5 Rc8 56. Qd2 Qd6 57. b4 Rb8 58. Bd3 Qf8 59. Qg2 Qxb4 60. Qd2 Qf8 61. Rg1 Qf7 62. Qf2 Qh5+ 63. Kc2 Qh7 64. Kd1 Qh5+ 65. Qe2 Qe8 66. Ke1 Qf7 67. Rg5 Re8 68. Qh5+ Qxh5 69. Rxh5+ Kg7 70. Kd2 Ra8 71. a6 Kf6 72. Rxf5+ Ke6 73. Re5+ Kd6 74. h4 Kc6 75. h5 Kd6 76. h6 Kc6 77. h7 Kd6 78. Rg5 1-0

[Event "Molde Rose Cup-B"]
[Site "Molde"]
[Date "2003.06.22"]
[Round "4"]
[White "Bjornsgard, Roy"]
[Black "Dybvik, Bjoern Noralf"]
[Result "0-1"]
[WhiteElo "819"]
[BlackElo "1039"]
[PlyCount "58"]
[EventDate "2003.06.??"]
[EventType "tourn"]
[EventRounds "5"]
[EventCountry "NOR"]
[SourceTitle "EXT 2006"]
[Source "ChessBase"]
[SourceDate "2005.11.24"]
[SourceVersion "1"]
[SourceVersionDate "2005.11.24"]
[SourceQuality "1"]

1. e4 e5 2. Nf3 Nc6 3. d3 Nf6 4. Be2 Be7 5. Nc3 0-0 6. a3 d5 7. exd5 Nxd5 8. Nxd5 Qxd5 9. Be3 f5 10. c4 Qd8 11. Qc2 f4 12. Bd2 Nd4 13. Nxd4 exd4 14. Bf3 c6 15. 0-0-0 Bd7 16. Be4 Rc8 17. c5 Bf5 18. Bxf4 Bxe4 19. dxe4 Rxf4 20. g3 Rf3 21. Rhf1 Qa5 22. Qc4+ Kh8 23. Rxd4 Qxc5 24. Qxc5 Bxc5 25. Rd2 Rcf8 26. e5 Be3 27. fxe3 Rxf1+ 28. Kc2 R1f2 29. Kd3 Rd8+ 0-1

[Event "Molde Rose Cup-B"]
[Site "Molde"]
[Date "2003.06.21"]
[Round "1"]
[White "Aure, Alf Terje"]
[Black "Dybvik, Bjoern Noralf"]
[Result "0-1"]
[WhiteElo "932"]
[BlackElo "1039"]
[PlyCount "84"]
[EventDate "2003.06.??"]
[EventType "tourn"]
[EventRounds "5"]
[EventCountry "NOR"]
[SourceTitle "EXT 2006"]
[Source "ChessBase"]
[SourceDate "2005.11.24"]
[SourceVersion "1"]
[SourceVersionDate "2005.11.24"]
[SourceQuality "1"]

1. e4 c5 2. a3 d6 3. Bc4 Nc6 4. Qf3 Nf6 5. c3 e5 6. d3 Bg4 7. Qg3 Bh5 8. Bg5 Be7 9. Qh4 Bg6 10. Ne2 h6 11. f4 Rh7 12. Bxf6 Bxf6 13. Qh3 Rh8 14. Nd2 a5 15. Nf3 Rb8 16. 0-0 Ke7 17. f5 Bh7 18. Bb5 Qb6 19. a4 c4+ 20. d4 exd4 21. Kh1 d3 22. Ned4 Nxd4 23. Nxd4 Bxd4 24. cxd4 Qxd4 25. f6+ Kf8 26. Qf3 gxf6 27. Rac1 Bxe4 28. Qxf6 Qxf6 29. Rxf6 d5 30. Rf4 Rg8 31. Rxe4 dxe4 32. Rxc4 f5 33. Rd4 Rc8 34. h3 Rc2 35. Rd8+ Kg7 36. Rd6 Kh7 37. g4 fxg4 38. Rxd3 Rc1+ 39. Kg2 exd3 40. Bxd3+ Kh8 41. Kg3 gxh3+ 42. Kxh3 Rh1# 0-1